<?xml version="1.0" encoding="UTF-8"?>
<record
    xmlns:xsi="http://www.w3.org/2001/XMLSchema-instance"
    xsi:schemaLocation="http://www.loc.gov/MARC21/slim http://www.loc.gov/standards/marcxml/schema/MARC21slim.xsd"
    xmlns="http://www.loc.gov/MARC21/slim">

  <leader>01102nam2a22002411  4500</leader>
  <controlfield tag="001">rc\4935005</controlfield>
  <controlfield tag="005">20250613043022.0</controlfield>
  <datafield tag="035" ind1=" " ind2=" ">
    <subfield code="a">(NLR Aleph) 008947178</subfield>
  </datafield>
  <datafield tag="090" ind1=" " ind2=" ">
    <subfield code="a">8980531</subfield>
    <subfield code="c">8980531</subfield>
  </datafield>
  <datafield tag="100" ind1=" " ind2=" ">
    <subfield code="a">20130426d1957    |||y0rusy50      ca</subfield>
  </datafield>
  <datafield tag="101" ind1="1" ind2=" ">
    <subfield code="a">rus</subfield>
    <subfield code="c">fre</subfield>
  </datafield>
  <datafield tag="102" ind1=" " ind2=" ">
    <subfield code="a">RU</subfield>
  </datafield>
  <datafield tag="105" ind1=" " ind2=" ">
    <subfield code="a">a   z   |||||</subfield>
  </datafield>
  <datafield tag="200" ind1="0" ind2=" ">
    <subfield code="a">&#x422;. 2</subfield>
    <subfield code="f">[&#x41F;&#x435;&#x440;. &#x43F;&#x43E;&#x434; &#x440;&#x435;&#x434;. &#x422;. &#x418;&#x440;&#x438;&#x43D;&#x43E;&#x432;&#x43E;&#x439;]</subfield>
  </datafield>
  <datafield tag="210" ind1=" " ind2=" ">
    <subfield code="a">&#x41A;&#x430;&#x437;&#x430;&#x43D;&#x44C;</subfield>
    <subfield code="c">&#x422;&#x430;&#x442;&#x43A;&#x43D;&#x438;&#x433;&#x43E;&#x438;&#x437;&#x434;&#x430;&#x442;, &#x420;&#x435;&#x434;. &#x445;&#x443;&#x434;&#x43E;&#x436;. &#x43B;&#x438;&#x442;.</subfield>
    <subfield code="d">1957</subfield>
  </datafield>
  <datafield tag="215" ind1=" " ind2=" ">
    <subfield code="a">466 &#x441;., 1 &#x43B;. &#x438;&#x43B;.</subfield>
  </datafield>
  <datafield tag="461" ind1=" " ind2="0">
    <subfield code="1">001rc\4935003</subfield>
    <subfield code="1">2001#$a&#x41A;&#x43E;&#x43D;&#x441;&#x443;&#x44D;&#x43B;&#x43E;$e&#x420;&#x43E;&#x43C;&#x430;&#x43D;$e&#x412; 2 &#x442;.$e[&#x41F;&#x435;&#x440;. &#x441; &#x444;&#x440;.$f&#x41F;&#x43E;&#x441;&#x43B;&#x435;&#x441;&#x43B;. &#x418;. &#x41B;&#x438;&#x43B;&#x435;&#x435;&#x432;&#x43E;&#x439;$g&#x418;&#x43B;.: &#x411;. &#x414;&#x435;&#x445;&#x442;&#x435;&#x440;&#x435;&#x432;]. &#x422;. 1-2$v&#x422;. 2</subfield>
    <subfield code="1">700#1$a&#x421;&#x430;&#x43D;&#x434;$b&#x416;.$f1804-1876$g&#x416;&#x43E;&#x440;&#x436;</subfield>
    <subfield code="9">8980521</subfield>
    <subfield code="a">&#x421;&#x430;&#x43D;&#x434;, &#x416;. (1804-1876)</subfield>
    <subfield code="c">&#x41A;&#x430;&#x437;&#x430;&#x43D;&#x44C;</subfield>
    <subfield code="d">1957</subfield>
    <subfield code="f">&#x41F;&#x43E;&#x441;&#x43B;&#x435;&#x441;&#x43B;. &#x418;. &#x41B;&#x438;&#x43B;&#x435;&#x435;&#x432;&#x43E;&#x439;</subfield>
    <subfield code="n">&#x422;&#x430;&#x442;&#x43A;&#x43D;&#x438;&#x433;&#x43E;&#x438;&#x437;&#x434;&#x430;&#x442;, &#x420;&#x435;&#x434;. &#x445;&#x443;&#x434;&#x43E;&#x436;. &#x43B;&#x438;&#x442;.</subfield>
    <subfield code="o">&#x420;&#x43E;&#x43C;&#x430;&#x43D; : &#x412; 2 &#x442;. : [&#x41F;&#x435;&#x440;. &#x441; &#x444;&#x440;.</subfield>
    <subfield code="p">2 &#x442;.</subfield>
    <subfield code="t">&#x41A;&#x43E;&#x43D;&#x441;&#x443;&#x44D;&#x43B;&#x43E;</subfield>
    <subfield code="v">&#x422;. 2</subfield>
  </datafield>
  <datafield tag="702" ind1=" " ind2="1">
    <subfield code="a">&#x418;&#x440;&#x438;&#x43D;&#x43E;&#x432;&#x430;</subfield>
    <subfield code="b">&#x422;.</subfield>
    <subfield code="4">340</subfield>
  </datafield>
  <datafield tag="801" ind1=" " ind2="0">
    <subfield code="a">RU</subfield>
    <subfield code="b">NLR</subfield>
    <subfield code="g">psbo</subfield>
  </datafield>
  <datafield tag="801" ind1=" " ind2="1">
    <subfield code="a">RU</subfield>
    <subfield code="b">ELAR</subfield>
    <subfield code="2">rusmarc</subfield>
  </datafield>
  <datafield tag="852" ind1=" " ind2=" ">
    <subfield code="a">NLR</subfield>
    <subfield code="j">57-3/4553</subfield>
  </datafield>
  <datafield tag="942" ind1=" " ind2=" ">
    <subfield code="c">BOOK</subfield>
  </datafield>
  <datafield tag="980" ind1=" " ind2=" ">
    <subfield code="a">NB</subfield>
  </datafield>
  <datafield tag="995" ind1=" " ind2=" ">
    <subfield code="5">2013-10-26</subfield>
    <subfield code="b">NLR01</subfield>
    <subfield code="c">NLR01</subfield>
    <subfield code="e">RF31</subfield>
    <subfield code="f">8947178-10</subfield>
    <subfield code="k">57-3/4553</subfield>
    <subfield code="o">0</subfield>
    <subfield code="r">BOOK</subfield>
    <subfield code="s">5734553_</subfield>
  </datafield>
</record>
